| 000 | 00424nam a2200121Ia 4500 | ||
|---|---|---|---|
| 008 | 220214s9999 xx 000 0 und d | ||
| 245 | 0 | _aDifferent ways for the penetration of Colletotrichum gloeosporioides into the leaves of Hevea brasiliensis(Translation and original copy available) | |
| 260 |
_bC.R. Acad. Sc. Paris _c1987 |
||
| 300 | _a537-542 | ||
| 650 | _aColletotrichum | ||
| 650 | _aHevea brasiliensis | ||
| 942 | _cRE | ||
| 999 |
_c45442 _d45442 |
||